[Event "AUTO-BEG-275"]
[Site "http://www.queenalice.com/game.php?id=509615"]
[Date "2008.12.18"]
[Round "1"]
[White "Killer79"]
[Black "Zorglubb"]
[Result "0-1"]
[WhiteElo "1150"]
[BlackElo "1179"]

1. d4 d5 2. Nf3 f6 3. e3 e5 4. c3 e4 5. Ng1 f5 6. Be2 Qg5 7. Nh3 Qxg2 8. Rg1
Qxh3 9. Kd2 Qxh2 10. Qf1 Bd7 11. b4 Qd6 12. a3 h5 13. Rh1 h4 14. Rh3 f4 15. Rh1
f3 16. Bd1 a5 17. Bb3 g5 18. Qg1 g4 19. Ke1 axb4 20. Bd2 Qa6 21. Bxd5 Qe2# 0-1

[Event "AUTO-BEG-275"]
[Site "http://www.queenalice.com/game.php?id=509616"]
[Date "2008.12.18"]
[Round "1"]
[White "Zorglubb"]
[Black "Killer79"]
[Result "0-1"]
[WhiteElo "1261"]
[BlackElo "1212"]

1. e4 e5 2. Qh5 d6 3. Bc4 g6 4. Qf3 Nf6 5. h3 Nc6 6. c3 Na5 7. Bd3 h5 8. b4 Nc6
9. Bc4 b6 10. d3 Be7 11. Bg5 b5 12. Bb3 a6 13. Bxf6 Bxf6 14. Bd5 Bb7 15. a4 Qd7
16. Qxf6 Rg8 17. Nf3 a5 18. axb5 Nd8 19. Bxb7 Nxb7 20. Ng5 Nd8 21. c4 a4 22. Nc3
a3 23. O-O c6 24. bxc6 Qxc6 25. Nd5 Ra7 26. Qf3 Rf8 27. Ra2 Qa4 28. Rfa1 Qb3 29.
Qe3 Ra8 30. Nc7+ Kd7 31. Nxa8 Nc6 32. Nb6+ Kc7 33. Ne6+ Kb7 34. Nxf8 Nxb4 35.
Rxa3 Qb2 36. Ra7+ Kc6 37. Rc1 Qb3 0-1

[Event "Challenge"]
[Site "http://www.queenalice.com/game.php?id=519599"]
[Date "2009.1.9"]
[Round "-"]
[White "Killer79"]
[Black "trolldetroy"]
[Result "0-1"]
[WhiteElo "1128"]
[BlackElo "1505"]

1. e4 e5 2. Nf3 Nc6 3. Bc4 h6 4. Nc3 Bb4 5. Nb1 d6 6. c3 Ba5 7. Ng1 Qg5 8. g3
Be6 9. d3 Qf6 10. Be3 Bxc4 11. dxc4 Qe6 12. b3 Nf6 13. Qd3 O-O 14. h4 Ng4 15.
Bc1 f5 16. Nd2 Nxf2 17. Kxf2 fxe4+ 18. Ke3 exd3 19. Ngf3 Bxc3 20. Rb1 Bxd2+ 21.
Bxd2 e4 22. Nh2 Qe5 23. Ng4 Rf3# 0-1

[Event "AUTO-BEG-282"]
[Site "http://www.queenalice.com/game.php?id=521840"]
[Date "2009.1.13"]
[Round "1"]
[White "fernando2008"]
[Black "Killer79"]
[Result "0-1"]
[WhiteElo "1486"]
[BlackElo "1222"]

1. d4 d5 2. Nf3 h5 3. g3 g6 4. Bg2 Bg4 5. O-O Nh6 6. Nc3 e6 7. Bf4 Bg7 8. Ng5
Nf5 9. Nb5 O-O 10. Nxc7 e5 11. Nxa8 exf4 12. gxf4 Bxd4 13. c3 Nd7 14. cxd4 Qxa8
15. Bxd5 Nh4 16. Re1 Nf6 17. f3 Nxd5 18. fxg4 hxg4 19. Qd3 Nxf4 20. Qe4 Nfg2 21.
Rec1 f6 22. Qd5+ Kg7 23. Ne6+ Kh6 24. Nxf8 Qxf8 25. Qxb7 Qd6 26. d5 g3 27. Rc4
gxh2+ 28. Kh1 g5 29. Qf7 g4 30. Rc7 g3 31. Qh7+ Kg5 32. Rf1 Kg4 33. Rg7+ Kh3 34.
Qh5 Qb4 35. d6 Qe4 36. d7 Nf4+ 37. Qf3 Nxf3 38. Rxf3 Qb1+ 39. Rf1 Qxf1# 0-1

[Event "AUTO-BEG-282"]
[Site "http://www.queenalice.com/game.php?id=521841"]
[Date "2009.1.13"]
[Round "1"]
[White "Killer79"]
[Black "fernando2008"]
[Result "0-1"]
[WhiteElo "1250"]
[BlackElo "1469"]

1. e4 d5 2. Qf3 g6 3. Nh3 Bxh3 4. gxh3 c6 5. d3 Na6 6. h4 Bg7 7. h5 Qa5+ 8. c3
Nf6 9. h6 Bf8 10. Bh3 dxe4 11. dxe4 Qh5 12. Qd3 Nc5 13. Qf1 Nfxe4 14. Bg2 Qd5
15. Qe2 Nd3+ 16. Kf1 Nxc1 17. Qc2 Nd3 18. Rg1 Bxh6 19. f3 Nf6 20. Na3 Qf5 21.
Rd1 Rd8 22. h4 Nd5 23. Rxd3 Ne3+ 24. Kf2 Nxc2 25. Nxc2 Rxd3 26. Nb4 Rd2+ 27. Ke1
Rxb2 28. Bf1 Qb1# 0-1

[Event "AUTO-BEG-283"]
[Site "http://www.queenalice.com/game.php?id=523944"]
[Date "2009.1.16"]
[Round "1"]
[White "Barrettto"]
[Black "Killer79"]
[Result "1-0"]
[WhiteElo "1466"]
[BlackElo "1250"]

1. d4 d5 2. Nc3 e6 3. e3 f5 4. Nb5 a6 5. Nc3 Bd7 6. Nf3 g5 7. e4 f4 8. e5 Be7 9.
g3 Nh6 10. h4 Nf7 11. Nxg5 h6 12. Nh3 Nc6 13. Nxf4 Rg8 14. Nce2 b5 15. c3 Nb8
16. g4 Rxg4 17. Ng1 Rg8 18. b4 Nc6 19. Ngh3 Bxh4 20. Qf3 Nb8 21. Rg1 Ng5 22.
Qh5+ Kf8 23. Qxh6+ Rg7 24. Rg4 Nf3+ 25. Kd1 Kf7 26. Rxg7+ Kf8 27. Qh8# 1-0

[Event "AUTO-BEG-283"]
[Site "http://www.queenalice.com/game.php?id=523945"]
[Date "2009.1.16"]
[Round "1"]
[White "Killer79"]
[Black "Barrettto"]
[Result "0-1"]
[WhiteElo "1229"]
[BlackElo "1451"]

1. e4 e5 2. Qf3 Nc6 3. Bc4 Nf6 4. Nh3 Nd4 5. Qc3 Bb4 6. Qd3 c6 7. c3 b5 8. Bb3
c5 9. a3 Ba5 10. Ng5 Nxb3 11. Qxb5 Nxa1 12. O-O h5 13. Qc4 d5 14. Qb5+ Nd7 15.
d4 Rh6 16. dxc5 Ba6 17. Qxa6 Rxa6 18. exd5 Nxc5 19. f4 e4 20. Nh7 Qxd5 21. Be3
Nc2 22. Bc1 e3 23. f5 Bc7 24. f6 Qd6 25. Rf5 e2 26. fxg7 e1=Q+ 27. Rf1 Qxf1+ 28.
Kxf1 Qd3+ 29. Kf2 Ne4+ 30. Kg1 Qd1# 0-1

[Event "AUTO-BEG-283"]
[Site "http://www.queenalice.com/game.php?id=523962"]
[Date "2009.1.16"]
[Round "1"]
[White "Killer79"]
[Black "achilles_ferrucci"]
[Result "0-1"]
[WhiteElo "1250"]
[BlackElo "1370"]

1. e4 e5 2. Nf3 Nc6 3. d3 Bc5 4. Bg5 f6 5. Bh4 Nge7 6. b3 d5 7. Nc3 Bb4 8. Qd2
d4 9. O-O-O Bxc3 10. Qe2 Qd6 11. Rd2 Qa3+ 12. Kd1 Qxa2 13. Ke1 Qxc2 14. Qd1
Qxd1+ 15. Kxd1 Bxd2 16. Nxd2 O-O 17. h3 Nb4 18. g4 Be6 19. f3 Na2 20. f4 Nc3+
21. Ke1 b5 22. fxe5 Ng6 23. Bg3 fxe5 24. b4 a5 25. bxa5 Rxa5 26. Bg2 Ra1+ 27.
Nb1 Rxb1+ 28. Kd2 Rb2+ 29. Ke1 Ra8 30. g5 Ra1# 0-1

[Event "AUTO-BEG-283"]
[Site "http://www.queenalice.com/game.php?id=523963"]
[Date "2009.1.16"]
[Round "1"]
[White "achilles_ferrucci"]
[Black "Killer79"]
[Result "1-0"]
[WhiteElo "1381"]
[BlackElo "1239"]

1. e4 e5 2. Nf3 d6 3. d4 Bg4 4. dxe5 Qe7 5. Be2 Nc6 6. Nc3 O-O-O 7. Bg5 f6 8.
exf6 gxf6 9. Bh4 Nh6 10. O-O Rg8 11. Nd5 Qf7 12. Bxf6 Re8 13. h3 Bd7 14. Ng5
Rxg5 15. Bxg5 Rxe4 16. Bf3 Re8 17. Qd2 Ne5 18. Qc3 c6 19. Be4 b5 20. Be3 a6 21.
Nb6+ Kc7 22. Nxd7 Nxd7 23. Qxc6+ Kd8 24. Bf3 Be7 25. Qxa6 Qc4 26. a4 Nb8 27.
Qb6+ Kc8 28. Qb7+ Kd8 29. Bb6+ Qc7 30. Qxc7# 1-0

[Event "AUTO-BEG-283"]
[Site "http://www.queenalice.com/game.php?id=523964"]
[Date "2009.1.16"]
[Round "1"]
[White "Killer79"]
[Black "dwrogers"]
[Result "1-0"]
[WhiteElo "1188"]
[BlackElo "1319"]

1. e4 e5 2. Nf3 d6 3. d3 Bg4 4. c4 f6 5. Qa4+ Nc6 6. Nc3 Ne7 7. h3 Bxf3 8. gxf3
Qd7 9. Be3 Nd4 10. Qd1 Nxf3+ 11. Qxf3 b6 12. a4 c6 13. b3 Ng6 14. Qg3 d5 15.
exd5 cxd5 16. Nxd5 Rd8 17. Bg2 Nf4 18. Bf3 Nxd3+ 19. Kf1 Qb7 20. Rd1 Nc5 21. b4
Kf7 22. bxc5 bxc5 23. Kg2 Bd6 24. Rb1 Qa6 25. Rhc1 Qxa4 26. Bh5+ g6 27. Qh4 Ke6
28. Rb7 Rhf8 29. Bg4+ f5 30. Re7+ Bxe7 31. Qxe7# 1-0

[Event "AUTO-BEG-283"]
[Site "http://www.queenalice.com/game.php?id=523965"]
[Date "2009.1.16"]
[Round "1"]
[White "dwrogers"]
[Black "Killer79"]
[Result "1-0"]
[WhiteElo "1365"]
[BlackElo "1232"]

1. e4 e5 2. Bc4 g6 3. Nf3 Nc6 4. O-O d6 5. Nc3 Nf6 6. d3 h5 7. Ng5 Bg4 8. f3 Bd7
9. Nd5 Ng8 10. Nh3 b6 11. f4 Bg4 12. Qd2 Nd4 13. Ne3 Bc8 14. f5 Nf6 15. fxg6
fxg6 16. Ng5 Bh6 17. Nf7 Qd7 18. Nxh8 Qg7 19. Nf7 b5 20. Nxh6 bxc4 21. Nd5 Nxd5
22. Qg5 Be6 23. dxc4 Nb4 24. c3 Ne2+ 25. Kh1 Nc2 26. Rb1 Bxc4 27. Nf5 Qh7 28.
Ne3 Bxa2 29. Qf6 Bxb1 30. Qe6+ Qe7 31. Qg8+ Kd7 32. Qxa8 Nxe3 33. Bxe3 Bd3 34.
Rf3 g5 35. Bxa7 Bc2 36. Rf5 h4 37. Qb8 g4 38. Rf8 Qh7 39. Qb5+ Ke7 40. Qe8# 1-0

[Event "1º round"]
[Site "http://www.queenalice.com/game.php?id=555303"]
[Date "2009.3.13"]
[Round "-"]
[White "Saru"]
[Black "Killer79"]
[Result "1-0"]
[WhiteElo "1391"]
[BlackElo "1252"]

1. c4 e5 2. Nc3 d6 3. e4 Nf6 4. Nf3 c5 5. Be2 Be7 6. Qa4+ Bd7 7. Qc2 h6 8. d3
Ng4 9. h3 Nf6 10. Be3 Nc6 11. a3 Qb6 12. Na4 Qa5+ 13. Bd2 Qd8 14. O-O O-O 15.
Qc1 Ne8 16. g3 Bxh3 17. Re1 1-0